|
|
|
|
| LEADER |
01412nam a22002777a 4500 |
| 003 |
GR-PaULI |
| 005 |
20240703130421.0 |
| 008 |
171103s2014 enka|||| |||| 00| 0 eng d |
| 020 |
|
|
|a 9780500517468
|
| 040 |
|
|
|a GR-PaULI
|b gre
|c GR-PaULI
|
| 082 |
0 |
4 |
|a 728.091 43
|
| 100 |
1 |
|
|a Bradbury, Dominic
|e συγγραφέας.
|9 58017
|
| 245 |
1 |
0 |
|a Mountain modern :
|b contemporary homes in high places /
|c Dominic Bradbury ; photographs by Richard Powers.
|
| 260 |
|
|
|a London :
|b Thames & Hudson,
|c 2014
|
| 300 |
|
|
|a 255 σ. :
|b έγχρ. εικ. ;
|c 23 εκ.
|
| 505 |
2 |
|
|a Cabin -- Chalet -- Villa
|
| 650 |
|
0 |
|9 92807
|a Αρχιτεκτονική
|x Ορεινές περιοχές
|
| 650 |
|
0 |
|9 165372
|a Αρχιτεκτονική
|v Εικονογραφημένα έργα
|x Ορεινές περιοχές
|
| 650 |
|
0 |
|a Αρχιτεκτονική, Μοντέρνα
|y 21ος αιώνας
|9 55049
|
| 650 |
|
0 |
|9 165373
|a Αρχιτεκτονική, Μοντέρνα
|v Εικονογραφημένα έργα
|y 21ος αιώνας
|
| 650 |
|
0 |
|9 25782
|a Εσωτερική διακόσμηση
|
| 700 |
1 |
|
|a Powers, Richard
|d 1967-
|e εικονογράφος.
|9 107298
|
| 942 |
|
|
|2 ddc
|c BK15
|
| 952 |
|
|
|0 0
|1 0
|2 ddc
|4 0
|6 728_091000000000000_43_BRA
|7 0
|9 216999
|a ARCH
|b ARCH
|d 2017-11-03
|i 010907
|l 0
|o 728.091 43 BRA
|p 025000203969
|r 2017-11-03 00:00:00
|t 1
|v 2017.00
|w 2017-11-03
|y BK15
|
| 998 |
|
|
|c ΚΗΠΟΥΡΓΟΥ
|d 2017-11
|
| 999 |
|
|
|c 131557
|d 131557
|